| 000 | 00910nam a2200205 a 4500 | ||
|---|---|---|---|
| 001 | 20486 | ||
| 003 | CO-ViMGA | ||
| 008 | 141112s2004 ck r 000 u spa d | ||
| 020 | _a9500620464 | ||
| 040 |
_aCO-ViMGA _bspa _cCO-ViMGA |
||
| 082 | 0 | 4 | _a616.12 C171l |
| 100 | 1 |
_aCasabe, Horacio; Suárez, Luis D.; Torino, Augusto _929604 |
|
| 245 | 1 | 0 | _aLas formas actuales de la endocartitis infecciosa |
| 260 |
_aBuenos Aires : _bMedica PanAméricana, _c2000 |
||
| 300 | _a177p | ||
| 505 | _aAnatomía patológica de la endocartitis 15 - - Radioisótopos en la endocartitis infecciosa 63 - - Endocartitis infecciosa en drogadictos por vía intravenosa 99 - - Tratamiento medico y profilaxis 129 | ||
| 590 | _aForma de adquisición : Compra fact.0534 - - Precio : 70.000 - - Proveedor : Temas y libros - - Fecha de adquisición : Marzo 2006 | ||
| 650 | 1 | 4 |
_aENFERMEDADES CARDIOVASCULARES _98005 |
| 942 |
_2ddc _cBK |
||
| 999 |
_c29480 _d29480 |
||